Guess the 1970s song lyrics #101 - Statistics

General Stats
  • This quiz has been taken 25 times
  • The average score is 160 of 260
Answer Stats
Answer % Correct
he
100%
He
100%
the
100%
a
95%
and
90%
And
90%
her
90%
in
85%
on
85%
You
85%
you
85%
do
80%
Go
80%
is
80%
to
80%
what
80%
when
80%
where
80%
she
75%
they
75%
They
75%
his
70%
know
70%
man
70%
day
65%
down
65%
oh
65%
This
65%
up
65%
away
60%
get
60%
got
60%
money
60%
run
60%
take
60%
they're
60%
Two
60%
two
60%
just
55%
nothing
55%
off
55%
story
55%
took
55%
about
50%
great
50%
happened
50%
into
50%
lovers
50%
next
50%
ran
50%
Texas
50%
very
50%
Yeah
50%
yeah
50%
young
50%
better
45%
Billy
45%
Bobbie
45%
here's
45%
El
45%
gonna
45%
hassle
45%
here's
45%
high
45%
house
45%
Joe
45%
let
45%
Sue
45%
around
40%
big
40%
cut
40%
decided
40%
headed
40%
knows
40%
loose
40%
makes
40%
old
40%
Paso
40%
shot
40%
south
40%
still
40%
That's
40%
those
40%
tube
40%
watch
40%
castle
35%
caught
35%
exactly
35%
facts
35%
hey
35%
Hoo
35%
hoo
35%
Mack
35%
sit
35%
slipped
35%
Than
35%
today
35%
ain't
30%
detective
30%
escape
30%
justice
30%
living
30%
people's
30%
robbing
30%
running
30%
taxes
30%
while
30%
whoa
25%
Singing
20%
Lord
15%
No matching quizzes found
Score Distribution
Percent of People with Each Score
Percentile by Number Answered
Your Score History
You have not taken this quiz